Premier League Players by Name - C - Statistics

General Stats
  • This quiz has been taken 23 times
  • The average score is 18 of 29
Answer Stats
Position Club Nation Player % Correct
FW Manchester United Uruguay Edinson Cavani
95%
DF Chelsea Denmark Andreas Christensen
89%
FW Everton England Dominic Calvert-Lewin
89%
DF Manchester City Portugal Joao Cancelo
89%
DF West Ham United Czech Republic Vladimir Coufal
89%
DF Chelsea England Ben Chilwell
79%
DF Arsenal England Calum Chambers
79%
DF Arsenal Portugal Cedric
74%
DF Wolves England Conor Coady
74%
DF Everton Ireland Seamus Coleman
74%
DF West Ham United England Aaron Cresswell
68%
GK Manchester City England Scott Carson
68%
FW Brighton & Hove Albion Ireland Aaron Connolly
63%
DF Newcastle United Ireland Ciaran Clark
63%
DF Aston Villa England Matty Cash
63%
DF Leicester City Belgium Timothy Castagne
63%
MF Norwich City England Todd Cantwell
63%
DF Leeds United Scotland Liam Cooper
58%
FW Brentford Spain Sergi Canos
58%
DF Chelsea England Trevoh Chalobah
58%
DF Watford Northern Ireland Craig Cathcart
53%
MF Watford England Tom Cleverley
53%
DF Brighton & Hove Albion Spain Marc Cucurella
47%
MF Leicester City England Hamza Choudhury
42%
MF Burnley England Jack Cork
42%
DF Burnley Ireland Nathan Collins
32%
MF Tottenham Hotspur England Jack Clarke
21%
DF Crystal Palace England Nathaniel Clyne
21%
MF Aston Villa England Carney Chukwuemeka
16%
No matching quizzes found
Score Distribution
Percent of People with Each Score
Percentile by Number Answered
Your Score History
You have not taken this quiz